Ekologi Dan Pemuliharaan

Bibliographic Details
Main Author: Seidenberg, Steven
Format: Book
Published: Petaling Jaya : Penerbit Prisma Sdn. Bhd. , 1992
Series:Siri Khazanah Ilmu
Subjects:

MARC

LEADER 00000cam a2200000 7i4500
001 0000007758
002 000008328
005 20000330.0
020 |a 9839665650 
090 0 0 |a J 030   |b KHA 
100 1 |a Seidenberg, Steven 
245 1 0 |a Ekologi Dan Pemuliharaan   |c Steven Seidenberg 
260 |a Petaling Jaya :   |b Penerbit Prisma Sdn. Bhd. ,   |c 1992 
300 |a 61 p. :   |b ill. ;   |c 26 cm. 
490 0 |a Siri Khazanah Ilmu 
650 0 0 |a Ecology   |x Juvenile literature 
999 |a 026904   |b BUKU   |c PINJAMAN   |e PERPUSTAKAAN KOMUNITI PETALING JAYA